| 000 | 01407nam a2200229Ia 4500 | ||
|---|---|---|---|
| 003 | Ost | ||
| 005 | 20260507075412.0 | ||
| 008 | 260507s9999||||xx |||||||||||||| ||und|| | ||
| 020 | _a×038438977 | ||
| 040 | _cfsecg | ||
| 041 | _aara | ||
| 082 | _a600 | ||
| 100 |
_aالدهراوي، كمال الدين مصطفى _eمؤلف |
||
| 245 | 0 |
_aمدخل معاصر في المحاسبة المالية المتقدمة / _c كمال الدين مصطفى الدهراوي |
|
| 260 |
_aالإسكندرية: _bمكتب الجامعي الحديث, _c2009 |
||
| 300 |
_a401 صفحة؛ _bإيضاحات ؛ _c25 سم |
||
| 520 | _aيضم المحاسبة عن انضمام واندماج الشركات، المحاسبة عن الإستثمارات طويلة الاجل، تجميع القوائم المالية في تاريخ الشراء، تجميع القوائم المالية في تاريخ لاحق لتاريخ الشراء، إعداد القوائم المجمعة مع وجود العمليات المتبادلة بين الشركة القابضة والشركة التابعة، المحاسبة عن المعاملات بالعملة الأجنبية، ترجمة القوائم المالية المقاسة بالعملة الاجنبية | ||
| 653 | _aالمحاسبة | ||
| 653 | _aالمحاسبة التحليلية | ||
| 653 | _aمحاسبة الشركات | ||
| 942 | _cكتاب | ||
| 999 |
_c44419 _d44419 |
||